Tilastot visalle Pääkaupungit kirjaimittain - D

Klikkaa tästä pelataksesi tätä visaa!

Yleistilastot

  • Tätä visaa on pelattu 772 kertaa
  • Keskiarvotulos 6 / 9

Vastaustilastot

ValtioPääkaupunki% Oikein
IrlantiDublin
88%
BangladeshDhaka
82%
SenegalDakar
72%
SyyriaDamaskos
71%
QatarDoha
70%
DjiboutiDjibouti
68%
Itä-TimorDili
63%
TadžikistanDušanbe
55%
TansaniaDodoma
54%

Tulosjakauma

Persentiili vastausten määrän mukaan

Jokaisen tuloksen saaneiden osuus

Tuloshistoriasi

Et ole pelannut tätä visaa